<?xml version="1.0" encoding="UTF-8"?>
<marc:record xmlns:marc="http://www.loc.gov/MARC21/slim">
   <marc:leader>00000nam a2200000 a 4500</marc:leader>
   <marc:datafield ind1="1" ind2=" " tag="100">
      <marc:subfield code="a">Stöllinger, Heide</marc:subfield>
   </marc:datafield>
   <marc:datafield ind1="1" ind2=" " tag="100">
      <marc:subfield code="a">Dahimène, Adelheid</marc:subfield>
   </marc:datafield>
   <marc:datafield ind1=" " ind2=" " tag="653">
      <marc:subfield code="a">Tiergeschichte</marc:subfield>
   </marc:datafield>
   <marc:datafield ind1="0" ind2="0" tag="245">
      <marc:subfield code="a">Das Froschl</marc:subfield>
   </marc:datafield>
   <marc:datafield ind1="0" ind2="0" tag="245">
      <marc:subfield code="c">Adelheid Dahimène. Heide Stöllinger</marc:subfield>
   </marc:datafield>
   <marc:datafield ind1=" " ind2="1" tag="264">
      <marc:subfield code="a">Salzburg</marc:subfield>
      <marc:subfield code="b">Residenz Verl.</marc:subfield>
      <marc:subfield code="c">2006</marc:subfield>
   </marc:datafield>
   <marc:datafield ind1="1" ind2=" " tag="520">
      <marc:subfield code="a">Was so ein kleiner Frosch von seinem Vater alles lernt. (ab 4) (JD) Väterliche Erziehung am Froschteich ist das Thema dieses Bilderbuches. Quaken und richtiges Froschhüpfen will schließlich gelernt werden. Froschl kann weder das eine noch das andere und es dauert, bis es den Dreh heraus hat. Das gibt der Illustratorin Stöllinger viele Möglichkeiten, um in ihrer skurril-karikierenden Art die naturalistischen Bewegungsabläufe der Frösche abzubilden. Umwerfend komisch, wie sie gleichsam in Zeitlupe das An- und Abspringen, das Durch-die-Luft-Fliegen und das Landen auf Froschvaters dicken Schenkeln darstellt. Dass das immer gleiche Farbambiente am schlammigen Teich sie nicht gerade zu Farbexplosionen inspiriert steht auf einem anderen Blatt. Die Story ist ja auch nicht gerade spannungsgeladen - eben der ganz gewöhnliche Alltag eines Vaters, der sich geduldig bemüht, aus seinem Sohn einen "taugbaren Froscherich" zu machen. Weil es doch recht selten Bilderbücher über gelungene väterliche Pädagogik gibt, ist "Das Froschl" absolut anschaffenswert.</marc:subfield>
   </marc:datafield>
   <marc:datafield ind1=" " ind2=" " tag="020">
      <marc:subfield code="a">3701720037</marc:subfield>
      <marc:subfield code="9">3701720037</marc:subfield>
   </marc:datafield>
   <marc:datafield ind1=" " ind2=" " tag="300">
      <marc:subfield code="a">[17] Bl. : überw. Ill.</marc:subfield>
   </marc:datafield>
</marc:record>
